Top 15 most streamed Travis Scott songs - Statistics

General Stats
  • This quiz has been taken 840 times
    225 since last reset
  • The average score is 8 of 15
Answer Stats
Rank Streams Songs % Correct
2. 2,411,615,176 SICKO MODE
96%
1. 2,886,849,223 goosebumps
94%
3. 2,063,398,048 HIGHEST IN THE ROOM
74%
4. 1,735,675,438 BUTTERFLY EFFECT
71%
9. 745,102,449 90210
66%
8. 766,987,075 Antidote
66%
5. 830,526,853 STARGAZING
57%
11. 696,306,888 MY EYES
46%
6. 813,055,066 I KNOW ?
42%
7. 801,702,026 CAN'T SAY
40%
10. 734,798,997 YOSEMITE
37%
14. 487,657,449 ASTROTHUNDER
34%
12. 625,664,934 5% TINT
26%
15. 481,712,183 TELEKINESIS
21%
13. 538,292,766 sdp interlude
18%
No matching quizzes found
Score Distribution
Percent of People with Each Score
Percentile by Number Answered
Your Score History
You have not taken this quiz since the last reset